<The> Euro and the production structure and export performance of Middle East and North African countries

Enregistré dans:
Détails bibliographiques
Auteur principal: Ruhashyankiko, Jean-Francois
Format: Livre
Langue:anglais
Publié: Washington International Monetary Fund 1999
Collection:IMF Working Paper 12
Sujets:
Tags: Ajouter un tag
Pas de tags, Soyez le premier à ajouter un tag!

MARC

LEADER 00000nam a2200000 4500
001 c109466
005 20221221082247.9
041 0 |a eng 
044 |a US 
245 1 0 |a <The> Euro and the production structure and export performance of Middle East and North African countries  |c Jean-Francois Ruhashyankiko 
264 1 |a Washington  |b International Monetary Fund  |c 1999 
300 |a 31 s. 
490 1 |a IMF Working Paper  |v 12 
830 0 |a IMF Working Paper  |v 12 
610 2 0 |a euro 
610 2 0 |a kurz devízový 
610 2 0 |a vývoz 
610 2 0 |a štruktúra výroby 
610 2 0 |a Afrika 
610 2 0 |a obchod medzinárodný 
100 1 |a Ruhashyankiko, Jean-Francois